NBA 2026 - Statistics

General Stats
  • This quiz has been taken 71 times
  • The average score is 203 of 535
Answer Stats
Rk Player PSP PSPPG Team Pos Age % Correct
5 Luka Doncic 2578 59.95 LAL PG 26
93%
3 Nikola Jokic 2626 64.05 DEN C 30
93%
411 AJ Johnson 157 5.41 DAL;WAS SG 21
89%
235 Cameron Johnson 694 21.03 DEN SF 29
89%
1 Jalen Johnson 2715 52.21 ATL SF 24
89%
96 Keldon Johnson 1283 22.51 SAS SF 26
89%
421 Keshad Johnson 130 5.65 MIA SF 24
89%
181 Tre Johnson 874 20.81 WAS SG 19
89%
9 Jaylen Brown 2362 47.24 BOS SF 29
88%
6 Shai Gilgeous-Alexander 2506 51.14 OKC PG 27
88%
4 Cade Cunningham 2604 53.14 DET PG 24
86%
11 James Harden 2331 47.57 LAC;CLE PG 36
86%
2 Tyrese Maxey 2649 49.06 PHI PG 25
86%
125 Ajay Mitchell 1144 26.60 OKC SG 23
84%
158 Bruce Brown 986 17.30 DEN SG 29
84%
103 Davion Mitchell 1264 26.89 MIA PG 27
84%
7 Donovan Mitchell 2480 46.79 CLE SG 29
84%
143 Harrison Barnes 1064 18.67 SAS PF 33
84%
12 Jalen Brunson 2306 43.51 NYK PG 29
84%
71 Jalen Duren 1507 33.49 DET C 22
84%
8 Jamal Murray 2423 46.60 DEN PG 28
84%
278 Keegan Murray 560 26.67 SAC PF 25
84%
15 Kevin Durant 2185 42.02 HOU SF 37
84%
358 Kobe Brown 295 7.76 IND;LAC PF 26
84%
302 Kris Murray 483 13.80 POR SF 25
84%
24 Victor Wembanyama 1914 44.51 SAS C 22
84%
16 Alperen Sengun 2140 44.58 HOU C 23
82%
19 Amen Thompson 2044 37.85 HOU PG 23
82%
18 Anthony Edwards 2079 44.23 MIN SG 24
82%
107 Ausar Thompson 1247 24.45 DET SF 23
82%
164 Coby White 942 32.48 CHI SG 25
82%
27 Derrick White 1875 35.38 BOS SG 31
82%
378 Ethan Thompson 240 10.43 IND SG 26
82%
333 Justin Edwards 383 9.12 PHI SF 22
82%
17 Karl-Anthony Towns 2095 38.80 NYK C 30
82%
21 Keyonte George 2020 42.08 UTA PG 22
82%
180 Klay Thompson 876 17.52 DAL SF 35
82%
55 LeBron James 1607 43.43 LAL SF 41
82%
13 Scottie Barnes 2295 41.73 TOR PF 24
82%
25 Kawhi Leonard 1894 44.05 LAC SF 34
80%
85 Kyshawn George 1395 31.70 WAS SF 22
80%
29 Paolo Banchero 1856 41.24 ORL PF 23
80%
20 Pascal Siakam 2036 39.92 IND PF 31
80%
192 Paul George 823 30.48 PHI PF 35
80%
51 Stephen Curry 1637 41.97 GSW PG 37
80%
10 Julius Randle 2347 41.18 MIN PF 31
79%
44 Mikal Bridges 1743 30.05 NYK SF 29
79%
45 Miles Bridges 1706 32.19 CHO PF 27
79%
42 Nikola Vucevic 1772 34.08 CHI;BOS C 35
79%
494 Seth Curry 26 13.00 GSW SG 35
79%
67 Zion Williamson 1536 36.57 NOP PF 25
79%
456 Alondes Williams 68 34.00 WAS SG 26
77%
451 Amari Williams 74 5.29 BOS PF 24
77%
40 Bam Adebayo 1776 35.52 MIA C 28
77%
22 Brandon Ingram 1984 36.74 TOR SF 28
77%
129 Brandon Williams 1132 24.09 DAL PG 26
77%
301 Cody Williams 488 11.35 UTA SG 21
77%
35 Cooper Flagg 1821 37.16 DAL SF 19
77%
380 Grant Williams 231 15.40 CHO PF 27
77%
172 Jalen Williams 900 34.62 OKC SG 24
77%
221 Jaylin Williams 736 17.52 OKC PF 23
77%
286 Kenrich Williams 526 14.22 OKC PF 31
77%
28 LaMelo Ball 1872 39.83 CHO PG 24
77%
257 Lonzo Ball 626 17.89 CLE PG 28
77%
106 Mark Williams 1256 24.15 PHO C 24
77%
229 Patrick Williams 709 13.38 CHI PF 24
77%
37 Payton Pritchard 1793 33.20 BOS PG 28
77%
244 Robert Williams 663 17.00 POR C 28
77%
43 Stephon Castle 1750 37.23 SAS PG 21
77%
191 Vince Williams Jr. 825 21.15 MEM;UTA PG;SG 25
77%
263 Ziaire Williams 603 15.46 BRK SF 24
77%
14 Deni Avdija 2213 47.09 POR SF 25
75%
31 Devin Booker 1851 42.07 PHO SG 29
75%
156 Franz Wagner 998 35.64 ORL SF 24
75%
513 Harrison Ingram 14 2.80 SAS SF 23
75%
482 Jahmir Young 34 4.25 MIA PG 25
75%
391 Jalen Green 200 22.22 PHO SG 23
75%
385 Moritz Wagner 216 14.40 ORL C 28
75%
326 Trae Young 397 39.70 ATL PG 27
75%
176 A.J. Green 891 17.82 MIL SG 26
73%
204 Craig Porter Jr. 794 15.88 CLE PG 25
73%
39 De'Aaron Fox 1783 37.15 SAS PG 28
73%
113 Draymond Green 1211 25.77 GSW PF 35
73%
142 Jalen Suggs 1070 31.47 ORL PG 24
73%
232 Javonte Green 703 12.78 DET SG 32
73%
460 Jeff Green 59 3.28 HOU PF 39
73%
352 Josh Green 310 9.39 CHO SG 25
73%
121 Kevin Porter Jr. 1174 40.48 MIL PG 25
73%
46 Michael Porter Jr. 1699 39.51 BRK SF 27
73%
410 Bronny James 161 5.55 LAL SG 21
71%
65 Rudy Gobert 1547 28.13 MIN C 33
71%
26 Russell Westbrook 1876 34.74 SAC SF 37
71%
23 Trey Murphy III 1938 37.27 NOP SF 25
71%
38 DeMar DeRozan 1787 30.81 SAC PF 36
70%
30 Desmond Bane 1854 33.71 ORL SG 27
70%
407 Dorian Finney-Smith 166 7.55 HOU PF 32
70%
174 Dru Smith 900 15.79 MIA SG 28
70%
41 Dyson Daniels 1775 32.27 ATL SG 22
70%
73 Jabari Smith Jr. 1496 27.70 HOU PF 22
70%
163 Jalen Smith 951 21.13 CHI C 25
70%
88 Joel Embiid 1353 43.65 PHI C 31
70%
34 Kon Knueppel 1825 32.59 CHO SF 20
70%
379 Nick Smith Jr. 233 9.32 LAL SG 21
70%
200 Sion James 802 14.07 CHO SG 23
70%
443 Tolu Smith 85 12.14 DET PF 25
70%
68 Giannis Antetokounmpo 1525 50.83 MIL PF 31
68%
53 Lauri Markkanen 1615 39.39 UTA PF 28
68%
312 Tyler Herro 435 33.46 MIA SG 26
68%
49 Anthony Black 1658 30.15 ORL PG 22
66%
291 Drake Powell 506 11.50 BRK SG 20
66%
337 Dwight Powell 365 9.13 DAL C 34
66%
56 Evan Mobley 1604 37.30 CLE PF 24
66%
32 Immanuel Quickley 1835 34.62 TOR PG 26
66%
64 Norman Powell 1560 33.19 MIA SG 32
66%
201 Aaron Wiggins 800 19.05 OKC SG 27
64%
72 Andrew Wiggins 1498 28.81 MIA SF 30
64%
89 Brandon Miller 1353 33.83 CHO SF 23
64%
492 Emanuel Miller 28 5.60 CHI PF 25
64%
70 Jaren Jackson Jr. 1513 31.52 MEM;UTA C 26
64%
92 Jarrett Allen 1308 29.07 CLE C 27
64%
274 Jordan Miller 574 16.40 LAC SF 26
64%
81 Josh Hart 1435 31.20 NYK SF 30
64%
436 Leonard Miller 94 4.27 CHI;MIN SF 22
64%
427 Andre Jackson Jr. 119 4.41 MIL SG 24
63%
105 Austin Reaves 1263 43.55 LAL SG 27
63%
47 Derik Queen 1691 29.67 NOP C 21
63%
362 Devin Carter 289 13.14 SAC PG 23
63%
77 Dillon Brooks 1463 29.26 PHO SF 30
63%
261 GG Jackson II 613 17.51 MEM PF 21
63%
137 Grayson Allen 1082 30.06 PHO SG 30
63%
91 Ivica Zubac 1336 31.07 LAC C 28
63%
373 Jevon Carter 255 9.81 CHI;ORL PG 30
63%
52 Josh Giddey 1625 45.14 CHI PG 23
63%
116 Neemias Queta 1203 23.13 BOS C 26
63%
33 Nickeil Alexander-Walker 1832 32.71 ATL SG 27
63%
317 Quenton Jackson 425 15.74 IND PG 27
63%
36 Ryan Rollins 1793 34.48 MIL PG 23
63%
94 Wendell Carter Jr. 1292 24.38 ORL C 26
63%
60 Andrew Nembhard 1578 35.86 IND PG 26
61%
203 Anthony Davis 795 39.75 DAL PF 32
61%
481 Antonio Reeves 34 4.25 CHO SG 25
61%
58 Chet Holmgren 1587 31.74 OKC PF 23
61%
170 Darius Garland 914 35.15 CLE PG 26
61%
273 Isaiah Jackson 578 14.45 IND;LAC C 24
61%
84 Jimmy Butler 1404 36.95 GSW SF 36
61%
61 Naz Reid 1578 27.68 MIN C 26
61%
437 Nigel Hayes-Davis 91 3.37 PHO SF 31
61%
231 Ryan Nembhard 704 18.53 DAL PG 22
61%
331 Trayce Jackson-Davis 388 10.21 GSW;TOR C 25
61%
140 Zach LaVine 1072 27.49 SAC SG 30
61%
520 Colby Jones 10 10.00 DET SG 23
59%
501 Curtis Jones 20 3.33 DEN SG 24
59%
130 Day'Ron Sharpe 1129 21.30 BRK C 24
59%
316 Derrick Jones Jr. 427 17.79 LAC SF 28
59%
500 Dillon Jones 20 5.00 NYK SF 24
59%
234 Herbert Jones 695 19.86 NOP SF 27
59%
522 Isaac Jones 9 2.25 DET;SAC PF 25
59%
404 Kam Jones 174 8.70 IND SG 23
59%
69 Matas Buzelis 1522 26.70 CHI PF 21
59%
63 Shaedon Sharpe 1563 32.56 POR SG 22
59%
268 Spencer Jones 587 12.23 DEN SF 24
59%
128 Tre Jones 1133 28.33 CHI PG 26
59%
284 Tyus Jones 530 10.19 DAL;ORL PG 29
59%
233 Domantas Sabonis 695 36.58 SAC C 29
57%
66 Donovan Clingan 1542 29.09 POR C 21
57%
59 VJ Edgecombe 1581 30.40 PHI SG 20
57%
348 Aaron Holiday 318 9.09 HOU PG 29
55%
83 Brandin Podziemski 1405 25.09 GSW SG 22
55%
54 CJ McCollum 1613 30.43 WAS;ATL PG;SG 34
55%
120 Deandre Ayton 1176 25.02 LAL C 27
55%
75 Jaden McDaniels 1484 26.98 MIN PF 25
55%
199 Ja Morant 802 40.10 MEM PG 26
55%
161 Jrue Holiday 963 34.39 POR PG 35
55%
117 Myles Turner 1201 24.02 MIL C 29
55%
97 OG Anunoby 1281 29.11 NYK PF 28
55%
171 Isaiah Hartenstein 902 29.10 OKC C 27
54%
325 Jabari Walker 402 8.55 PHI PF 23
54%
122 Jarace Walker 1170 20.89 IND PF 22
54%
153 RJ Barrett 1019 31.84 TOR SF 25
54%
87 Alex Sarr 1369 33.39 WAS C 20
52%
99 Kel'el Ware 1276 23.63 MIA C 21
52%
288 Kristaps Porzingis 517 28.72 ATL;GSW C 30
52%
277 Mike Conley 562 12.77 MIN PG 38
52%
48 Onyeka Okongwu 1684 32.38 ATL C 25
52%
112 Anfernee Simons 1223 22.24 BOS;CHI SG 26
50%
165 Bennedict Mathurin 942 29.44 IND;LAC SF 23
50%
239 Cam Thomas 670 23.93 BRK;MIL SG 24
50%
74 Nic Claxton 1486 29.72 BRK C 26
50%
135 P.J. Washington 1088 27.20 DAL PF 27
50%
470 TyTy Washington Jr. 43 8.60 LAC PG 24
50%
236 Aaron Gordon 684 29.74 DEN PF 30
48%
246 Ben Sheppard 651 14.15 IND SG 24
48%
148 Devin Vassell 1037 23.57 SAS SG 25
48%
62 Donte DiVincenzo 1572 27.58 MIN SG 29
48%
466 Eric Gordon 46 7.67 PHI SG 37
48%
294 Jakob Poeltl 502 21.83 TOR C 30
48%
197 Khris Middleton 805 21.76 DAL;WAS SF 34
48%
100 Reed Sheppard 1276 23.20 HOU SG 21
48%
50 Jaime Jaquez Jr. 1639 30.92 MIA SF 24
46%
111 Kyle Kuzma 1226 24.04 MIL PF 30
46%
194 Rui Hachimura 816 18.13 LAL PF 27
46%
243 Brook Lopez 664 13.55 LAC C 37
45%
126 Jerami Grant 1143 27.88 POR PF 31
45%
80 Jeremiah Fears 1436 24.76 NOP PG 19
45%
230 Jordan Poole 707 23.57 NOP PG 26
45%
219 Luguentz Dort 748 16.26 OKC SF 26
45%
419 Scoot Henderson 133 26.60 POR PG 21
45%
82 Toumani Camara 1417 24.86 POR PF 25
45%
405 Walker Kessler 172 34.40 UTA C 24
45%
241 Al Horford 667 19.06 GSW C 39
43%
309 Christian Braun 445 21.19 DEN SG 24
43%
224 Daniel Gafford 721 18.49 DAL C 27
43%
79 Isaiah Collier 1440 29.39 UTA PG 21
43%
193 Kelly Oubre Jr. 823 24.21 PHI SF 30
43%
76 Naji Marshall 1464 27.11 DAL SF 28
43%
344 Zach Edey 324 29.45 MEM C 23
43%
290 Clint Capela 510 10.41 HOU C 31
41%
469 DeAndre Jordan 44 14.67 NOP C 37
41%
144 Dylan Harper 1056 22.96 SAS SG 19
41%
447 Ron Harper Jr. 80 7.27 BOS SF 25
41%
264 Steven Adams 601 18.78 HOU C 32
41%
390 Anthony Gill 205 6.83 WAS PF 33
39%
57 Collin Gillespie 1600 28.57 PHO PG 26
39%
118 John Collins 1190 22.45 LAC PF 28
39%
303 Jonathan Kuminga 473 23.65 GSW PF 23
39%
134 Kris Dunn 1102 19.68 LAC PG 31
39%
226 Ryan Dunn 716 14.32 PHO SF 23
39%
217 Tari Eason 757 22.94 HOU PF 24
39%
240 Will Richard 668 13.36 GSW SG 23
39%
396 Zach Collins 189 18.90 CHI C 28
39%
280 Alex Caruso 552 14.53 OKC SG 31
38%
505 Brandon Clarke 18 9.00 MEM PF 29
38%
159 Cason Wallace 980 18.15 OKC SG 22
38%
149 Duncan Robinson 1035 19.53 DET SF 31
38%
262 Gary Trent Jr. 613 12.77 MIL SG 27
38%
319 Jaylen Clark 413 7.79 MIN SG 24
38%
328 Keaton Wallace 391 9.54 ATL PG 26
38%
146 Moses Moody 1041 19.28 GSW SG 23
38%
138 Moussa Diabate 1080 21.60 CHO C 24
38%
182 Sam Hauser 874 16.81 BOS PF 28
38%
214 Aaron Nesmith 768 23.27 IND SF 26
36%
429 Dereck Lively II 108 15.43 DAL C 21
36%
152 Jay Huff 1020 17.89 IND C 27
36%
255 Jordan Walsh 632 12.90 BOS PF 21
36%
90 Jusuf Nurkic 1338 32.63 UTA C 31
36%
220 Mitchell Robinson 745 17.74 NYK C 27
36%
506 Orlando Robinson 18 4.50 ORL C 25
36%
101 Peyton Watson 1271 25.94 DEN SF 23
36%
78 Saddiq Bey 1453 28.49 NOP SF 26
36%
430 Scotty Pippen Jr. 105 26.25 MEM PG 25
36%
206 Zaccharie Risacher 792 18.00 ATL SF 20
36%
151 Ace Bailey 1025 20.50 UTA SF 19
34%
202 Andre Drummond 798 19.00 PHI C 32
34%
93 Bub Carrington 1304 23.71 WAS PG 20
34%
86 Cam Spencer 1390 26.23 MEM SG 25
34%
394 Chris Paul 192 12.00 LAC PG 40
34%
267 Cole Anthony 594 16.97 MIL PG 25
34%
115 Dennis Schroder 1207 26.24 CLE;SAC PG 32
34%
271 Jaden Ivey 580 15.68 CHI;DET SG 23
34%
207 Jonas Valanciunas 791 17.58 DEN C 33
34%
110 Kyle Filipowski 1230 21.96 UTA C 22
34%
357 Nick Richards 296 8.97 CHI;PHO C 28
34%
254 Pat Spencer 634 15.85 GSW PG 29
34%
114 Santi Aldama 1209 28.12 MEM PF 25
34%
162 Tobias Harris 953 24.44 DET PF 33
34%
225 Yves Missi 721 15.34 NOP C 21
34%
108 Bobby Portis 1242 23.88 MIL PF 30
32%
104 Cedric Coward 1264 26.33 MEM SG 22
32%
127 Collin Sexton 1138 24.21 CHI;CHO SG 27
32%
249 Dean Wade 643 14.29 CLE PF 29
32%
372 Gary Harris 257 6.76 MIL SG 31
32%
265 Gradey Dick 601 10.73 TOR SG 22
32%
279 Jared McCain 553 13.17 OKC;PHI SG 21
32%
256 Jaxson Hayes 630 13.70 LAL C 25
32%
179 Kentavious Caldwell-Pope 882 17.29 MEM SG 32
32%
209 Luke Kennard 783 15.35 ATL;LAL SG 29
32%
168 Luke Kornet 926 19.70 SAS C 30
32%
330 Rob Dillingham 389 9.73 CHI;MIN PG 21
32%
102 Ayo Dosunmu 1269 25.90 CHI;MIN SG 26
30%
215 Bilal Coulibaly 763 21.80 WAS SG 21
30%
250 Buddy Hield 640 14.22 ATL;GSW SG 33
30%
167 Isaiah Stewart 931 19.40 DET C 24
30%
186 Jose Alvarado 856 18.61 NOP;NYK PG 27
30%
295 Kevin Love 501 16.70 UTA PF 37
30%
386 Kevon Looney 213 11.83 NOP C 29
30%
166 Malik Monk 936 20.80 SAC SG 27
30%
173 Marcus Smart 900 20.00 LAL SG 31
30%
109 Quentin Grimes 1239 24.78 PHI SG 25
30%
195 Ryan Kalkbrenner 811 18.02 CHO C 24
30%
132 Tim Hardaway Jr. 1116 19.93 DEN SG 33
30%
490 Trey Alexander 30 6.00 NOP SG 22
30%
448 Bradley Beal 77 12.83 LAC SG 32
29%
175 Caleb Love 896 19.91 POR SG 24
29%
375 Cam Christie 247 6.50 LAC SG 20
29%
269 Corey Kispert 585 15.81 ATL;WAS SF 26
29%
281 D'Angelo Russell 547 21.04 DAL PG 29
29%
133 Max Christie 1107 22.14 DAL SG 22
29%
223 Nikola Jovic 734 16.31 MIA PF 22
29%
260 Paul Reed 616 15.40 DET C 26
29%
298 Adem Bona 495 10.53 PHI C 22
27%
359 Carter Bryant 295 6.56 SAS PF 20
27%
154 De'Andre Hunter 1016 22.58 CLE;SAC SF 28
27%
334 Jaden Hardy 379 10.53 DAL;WAS SG 23
27%
136 Jaylen Wells 1084 20.07 MEM SG 22
27%
222 Jordan Clarkson 736 14.15 NYK SG 33
27%
119 Julian Champagnie 1181 20.72 SAS SF 24
27%
184 Justin Champagnie 865 16.96 WAS SF 24
27%
296 Keon Ellis 501 10.22 CLE;SAC SG 26
27%
185 Marvin Bagley III 859 20.45 DAL;WAS PF 26
27%
98 Royce O'Neale 1278 22.42 PHO SF 32
27%
463 Thanasis Antetokounmpo 53 2.65 MIL SF 33
27%
323 Thomas Bryant 403 10.08 CLE C 28
27%
169 T.J. McConnell 924 22.54 IND PG 33
27%
253 Caris LeVert 636 16.74 DET SG 31
25%
212 Isaac Okoro 775 16.15 CHI SG 25
25%
198 Isaiah Joe 805 16.77 OKC SG 26
25%
339 Jase Richardson 358 8.95 ORL SG 20
25%
369 Jeremy Sochan 264 8.80 NYK;SAS PF 22
25%
479 Kyle Lowry 35 5.00 PHI PG 39
25%
403 Maxi Kleber 179 6.17 LAL PF 34
25%
237 Sam Merrill 684 20.73 CLE SG 29
25%
178 Terance Mann 882 18.38 BRK SG 29
25%
292 Tre Mann 505 14.03 CHO PG 24
25%
366 Bogdan Bogdanovic 274 16.12 LAC SG 33
23%
354 Cam Whitmore 304 14.48 WAS SF 21
23%
426 Hunter Tyson 119 5.67 DEN PF 25
23%
399 Jae'Sean Tate 185 5.44 HOU SF 30
23%
147 Jake LaRavia 1041 18.93 LAL PF 24
23%
95 Jaylon Tyson 1283 24.67 CLE SG 23
23%
364 Jett Howard 285 8.14 ORL SF 22
23%
238 Luka Garza 673 14.63 BOS C 27
23%
289 Nicolas Batum 514 9.70 LAC PF 37
23%
275 Nolan Traore 571 17.30 BRK PG 19
23%
360 Ousmane Dieng 293 9.45 MIL;OKC C 22
23%
189 Quinten Post 830 15.09 GSW PF 25
23%
245 Tyler Kolek 656 13.39 NYK PG 24
23%
353 Dalton Knecht 309 7.19 LAL SF 24
21%
248 Goga Bitadze 643 14.95 ORL C 26
21%
335 Guerschon Yabusele 377 8.02 CHI;NYK C 30
21%
270 Gui Santos 584 12.98 GSW PF 23
21%
252 Jarred Vanderbilt 639 13.89 LAL PF 26
21%
462 Joe Ingles 54 2.84 MIN SF 38
21%
332 John Konchar 385 11.00 MEM;UTA SG 29
21%
346 Jonathan Isaac 322 7.00 ORL PF 28
21%
160 Kevin Huerter 975 20.31 CHI;DET SF;SG 27
21%
139 Noah Clowney 1079 22.02 BRK PF 21
21%
157 Pelle Larsson 992 21.11 MIA SG 24
21%
441 Taurean Prince 86 10.75 MIL SF 31
21%
376 Ty Jerome 245 35.00 MEM SG 28
21%
228 Bones Hyland 715 14.90 MIN PG 25
20%
276 Josh Okogie 570 10.96 HOU SG 27
20%
155 Maxime Raynaud 1010 20.20 SAC C 22
20%
213 Miles McBride 772 22.06 NYK SG 25
20%
187 Simone Fontecchio 845 15.36 MIA SF 30
20%
304 Baylor Scheierman 471 9.42 BOS SG 25
18%
361 Ben Saraf 289 13.14 BRK SG 19
18%
461 Chris Boucher 57 6.33 BOS PF 33
18%
218 Danny Wolf 757 18.46 BRK PF 21
18%
259 De'Anthony Melton 616 21.24 GSW PG 27
18%
367 Gabe Vincent 268 8.93 ATL;LAL PG 29
18%
349 Jalen Wilson 318 8.59 BRK PF 25
18%
124 Jamal Shead 1153 20.59 TOR PG 23
18%
322 Jericho Sims 404 10.10 MIL C 27
18%
131 Jock Landale 1120 21.96 ATL;MEM C 30
18%
321 Julian Strawther 404 11.88 DEN SG 23
18%
371 Kelly Olynyk 260 8.13 SAS C 34
18%
498 Nikola Topic 21 10.50 OKC PG 20
18%
216 Nique Clifford 760 14.07 SAC SG 23
18%
188 Precious Achiuwa 838 16.76 SAC C 26
18%
183 Ron Holland 866 16.98 DET SF 20
18%
123 Sandro Mamukelashvili 1161 21.50 TOR C 26
18%
211 Tristan Da Silva 776 15.52 ORL SF 24
18%
452 Xavier Tillman Sr. 74 4.35 BOS;CHO C 27
18%
454 Alijah Martin 73 5.62 TOR SG 24
16%
412 Amir Coffey 157 4.76 MIL;PHO SG 28
16%
478 Bismack Biyombo 37 2.47 SAS C 33
16%
392 Blake Wesley 198 14.14 POR SG 22
16%
145 Brice Sensabaugh 1043 19.31 UTA SF 22
16%
305 Caleb Martin 467 9.94 DAL SF 30
16%
488 Cody Martin 31 7.75 IND SF 30
16%
190 Collin Murray-Boyles 829 18.84 TOR PF 20
16%
511 Dario Saric 15 3.00 SAC C 31
16%
247 Gary Payton II 645 12.65 GSW SG 33
16%
307 Hugo Gonzalez 457 9.14 BOS SF 19
16%
141 Jordan Goodwin 1071 19.83 PHO PG 27
16%
363 Jordan Hawkins 287 7.55 NOP SG 23
16%
445 Khaman Maluach 84 3.50 PHO C 19
16%
315 Kyle Anderson 430 17.92 MEM;UTA SF 32
16%
297 Landry Shamet 497 15.53 NYK SG 28
16%
431 Mason Plumlee 104 7.43 CHO C 35
16%
467 Monte Morris 45 7.50 IND PG 30
16%
242 Sidy Cissoko 667 13.08 POR SF 21
16%
409 Terrence Shannon Jr. 164 7.45 MIN SG 25
16%
282 Tyrese Martin 540 14.21 BRK;PHI SG 26
16%
205 Walter Clayton 793 16.52 MEM;UTA PG 22
16%
306 Bryce McGowens 463 13.62 NOP SG 23
14%
208 Daniss Jenkins 786 17.09 DET PG 24
14%
420 DaRon Holmes 130 8.13 DEN PF 23
14%
519 Jacob Toppin 12 2.40 ATL SF 25
14%
406 Joan Beringer 168 6.00 MIN PF 19
14%
423 Jordan McLaughlin 124 4.59 SAS PG 29
14%
320 Josh Minott 412 12.48 BOS PF 23
14%
311 Kasparas Jakucionis 436 14.06 MIA PG 19
14%
383 Larry Nance Jr. 227 8.73 CLE PF 33
14%
464 Matisse Thybulle 52 10.40 POR SG 28
14%
251 Mouhamed Gueye 640 11.64 ATL PF 23
14%
449 Obi Toppin 75 25.00 IND PF 27
14%
324 Ochai Agbaji 403 8.96 BRK;TOR SG 25
14%
177 Oso Ighodaro 887 15.56 PHO PF 23
14%
384 Pete Nance 221 9.21 MIL PF 25
14%
266 Will Riley 598 12.72 WAS SF 19
14%
368 Yanic Konan Niederhauser 267 7.42 LAC C 22
14%
340 Zeke Nnaji 354 8.85 DEN PF 25
14%
458 Adou Thiero 60 3.53 LAL SF 21
13%
424 Chris Youngblood 122 3.81 OKC SG 23
13%
474 Mac McClung 39 9.75 CHI;IND SG 27
13%
381 Malaki Branham 231 8.25 WAS SG 22
13%
534 Noa Essengue 1 0.50 CHI PF 19
13%
308 Noah Penda 451 11.28 ORL SF 21
13%
347 Rayan Rupert 322 6.71 POR SG 21
13%
389 Sharife Cooper 208 14.86 WAS PG 24
13%
227 Svi Mykhailiuk 715 15.89 UTA SF 28
13%
314 Taylor Hendricks 431 11.05 MEM;UTA PF 22
13%
313 Tidjane Salaun 434 12.76 CHO PF 20
13%
351 Tony Bradley 311 8.18 IND C 28
13%
398 Yang Hansen 187 5.34 POR C 20
13%
428 Chaz Lanier 112 5.60 DET SG 24
11%
355 Dalen Terry 304 8.69 CHI;PHI SG 23
11%
210 Dominick Barlow 779 17.31 PHI PF 22
11%
285 Jalen Pickett 529 13.56 DEN SG 26
11%
341 Javon Small 353 16.05 MEM PG 23
11%
477 Kobe Bufkin 37 6.17 LAL SG 22
11%
395 Marcus Sasser 191 10.61 DET PG 25
11%
531 Mo Bamba 3 1.50 TOR C 27
11%
374 Mohamed Diawara 249 5.30 NYK SF 20
11%
300 Tristan Vukcevic 488 13.94 WAS C 22
11%
196 Vit Krejci 811 15.30 ATL;POR PG 25
11%
370 Ariel Hukporti 264 6.60 NYK C 23
9%
468 Bobi Klintman 45 5.00 DET SF 22
9%
499 Cameron Payne 20 10.00 PHI PG 31
9%
345 Drew Eubanks 323 9.50 SAC C 28
9%
408 Duop Reath 165 5.16 POR C 29
9%
283 Ja'Kobe Walter 538 11.70 TOR SG 21
9%
387 Jamison Battle 212 5.44 TOR SF 24
9%
310 Johnny Furphy 442 12.63 IND SG 21
9%
299 Karlo Matkovic 493 10.96 NOP PF 24
9%
258 Kobe Sanders 625 13.59 LAC SG 23
9%
318 Micah Peavy 423 9.20 NOP SG 24
9%
365 Myron Gardner 279 9.96 MIA SF 24
9%
272 Nae'Qwan Tomlin 580 12.89 CLE PF 25
9%
293 Trendon Watford 504 15.27 PHI PF 25
9%
338 Tyrese Proctor 362 9.05 CLE PG 21
9%
342 Asa Newell 348 8.92 ATL PF 20
7%
483 Caleb Houstan 34 3.40 ATL SF 23
7%
453 Doug McDermott 73 6.08 SAC SF 34
7%
425 Drew Timme 121 6.72 LAL PF 25
7%
502 Garrett Temple 20 1.54 TOR SG 39
7%
422 Garrison Mathews 124 8.27 IND SG 29
7%
343 Jamir Watkins 330 11.79 WAS SG 24
7%
418 JD Davison 135 5.63 HOU PG 23
7%
435 Jonathan Mogbo 95 4.13 TOR PF 24
7%
397 Julian Phillips 188 5.08 CHI;MIN SF 22
7%
336 Olivier-Maxence Prosper 375 12.10 MEM PF 23
7%
415 Pat Connaughton 139 6.04 CHO SG 33
7%
495 Wendell Moore Jr. 26 5.20 DET SG 24
7%
444 A.J. Lawson 85 6.54 TOR SG 25
5%
485 Blake Hinson 31 15.50 UTA SF 26
5%
416 Brooks Barnhizer 139 4.63 OKC SG 23
5%
486 Charles Bassey 31 10.33 MEM;PHI C 25
5%
497 Drew Peterson 22 3.67 CHO PF 26
5%
287 Dylan Cardwell 520 17.93 SAC C 24
5%
471 Elijah Harkless 43 5.38 UTA SG 25
5%
529 Enrique Freeman 4 2.00 MIN PF 25
5%
530 Hunter Dickinson 3 3.00 NOP C 25
5%
507 Isaiah Crawford 17 3.40 HOU SF 24
5%
327 Jamaree Bouyea 394 13.13 PHO PG 26
5%
491 James Wiseman 28 7.00 IND C 24
5%
459 Javonte Cooke 60 3.53 POR SG 26
5%
475 Johni Broome 39 3.55 PHI C 23
5%
388 KJ Simpson 210 14.00 CHO;DEN PG 23
5%
382 Liam McNeeley 229 8.18 CHO SF 20
5%
524 LJ Cryer 7 2.33 GSW PG 24
5%
504 Malevy Leons 19 3.80 GSW SF 26
5%
329 Micah Potter 390 16.25 IND C 27
5%
356 Moussa Cisse 303 10.10 DAL C 23
5%
518 N'Faly Dante 12 3.00 ATL C 24
5%
465 Pacome Dadiet 48 2.40 NYK SG 20
5%
414 Rasheer Fleming 150 4.84 PHO PF 21
5%
393 Taelon Peter 193 7.42 IND SG 23
5%
521 Vladislav Goldin 10 5.00 MIA C 24
5%
442 Yuki Kawamura 85 21.25 CHI PG 24
5%
350 Branden Carlson 316 9.29 OKC C 26
4%
515 Chris Manon 13 2.60 LAL SG 24
4%
526 Chucky Hepburn 6 3.00 TOR PG 22
4%
439 David Jones Garcia 88 8.00 SAS SF 24
4%
150 Egor Dёmin 1030 21.46 BRK PG 19
4%
401 Isaiah Livers 184 5.94 PHO PF 27
4%
417 Jahmai Mashack 135 9.64 MEM SG 23
4%
440 Jamal Cain 87 4.35 ORL SF 26
4%
377 Jeremiah Robinson-Earl 244 11.09 DAL;IND PF 25
4%
457 Kadary Richmond 60 20.00 WAS SG 24
4%
496 Keshon Gilbert 23 7.67 WAS PG 22
4%
509 Koby Brea 16 5.33 PHO SG 23
4%
434 Lindy Waters III 101 3.61 SAS SG 28
4%
535 Max Shulga 0 0.00 BOS SG 23
4%
455 Miles Kelly 72 6.00 DAL PG 23
4%
480 Oscar Tshiebwe 34 8.50 UTA C 26
4%
400 PJ Hall 184 10.22 CHO;MEM C 23
4%
413 RayJ Dennis 155 10.33 ATL;IND;LAC PG 24
4%
487 Skal Labissiere 31 10.33 WAS PF 29
4%
533 Trevor Keels 1 1.00 MIA SG 22
4%
527 Buddy Boeheim 6 2.00 OKC SF 26
2%
510 Chris Livingston 15 5.00 CLE SF 22
2%
402 Christian Koloko 182 9.10 ATL;LAL;MEM C 25
2%
432 Daeqwon Plowden 102 11.33 SAC SG 27
2%
516 Dalano Banton 12 6.00 LAC PG 26
2%
484 E.J. Liddell 34 3.40 BRK PF 25
2%
508 Hunter Sallis 17 2.43 PHI SG 22
2%
476 Isaiah Stevens 38 12.67 SAC PG 25
2%
525 Jahmyl Telfort 7 0.88 LAC PF 24
2%
450 Johnny Juzang 75 3.57 MIN SG 24
2%
433 Kevin McCullar Jr. 102 6.38 NYK SF 24
2%
438 Lachlan Olbrich 89 5.24 CHI C 22
2%
446 Luke Travers 81 6.75 CLE SG 24
2%
473 MarJon Beauchamp 39 19.50 PHI SF 25
2%
493 Mark Sears 28 4.00 MIL PG 23
2%
517 Patrick Baldwin Jr. 12 4.00 LAC;PHI SF 23
2%
512 Riley Minix 14 4.67 SAS SF 25
2%
489 Trey Jemison 31 3.10 NYK C 26
2%
503 Tristan Enaruna 19 4.75 CLE SF 24
2%
514 Tyson Etienne 14 1.75 BRK PG 26
2%
472 Lawson Lovering 39 19.50 MEM C 22
0%
528 Stanley Umude 5 2.50 SAS SG 26
0%
532 Tosan Evbuomwan 2 0.40 NYK SF 24
0%
523 Trentyn Flowers 7 3.50 CHI SF 20
0%
No matching quizzes found
Score Distribution
Percent of People with Each Score
Percentile by Number Answered
Your Score History
You have not taken this quiz